[Event "FRA-chT N1"]
[Site "France"]
[Date "2005.05.08"]
[Round "11"]
[White "Piroth, Attila"]
[Black "Bouhallel, Rabah"]
[Result "0-1"]
[WhiteElo "2290"]
[BlackElo "2320"]
[PlyCount "136"]
[EventDate "2005.05.05"]
[EventType "team"]
[EventRounds "11"]
[EventCountry "FRA"]
[SourceTitle "EXT 2006"]
[Source "ChessBase"]
[SourceDate "2005.11.24"]
[SourceVersion "1"]
[SourceVersionDate "2005.11.24"]
[SourceQuality "1"]

1. e4 e6 2. d3 d5 3. Nd2 c5 4. Ngf3 Nc6 5. g3 Bd6 6. Bg2 Nge7 7. 0-0 0-0 8. Re1 Bc7 9. Nf1 d4 10. h4 e5 11. N1h2 f6 12. h5 Be6 13. Nh4 Qd7 14. g4 Nd8 15. Nf5 Nf7 16. Nf3 Nc6 17. Bh3 g6 18. Kh2 Bxf5 19. gxf5 g5 20. h6 Kh8 21. Bg4 Rg8 22. Kg2 Nd6 23. Rh1 c4 24. Rh3 b5 25. Nh2 a5 26. Be2 Bd8 27. a4 cxd3 28. Bxd3 bxa4 29. Rxa4 Nb4 30. Ra1 Be7 31. Ng4 Qc6 32. f3 Rgc8 33. Rh2 Nxc2 34. Rb1 Nb4 35. Kg3 Qc7 36. Ra1 Nxf5+ 37. Kh3 Nh4 38. Bf1 Ng6 39. Qb3 Bd8 40. Qe6 Qe7 41. Bc4 Qxe6 42. Bxe6 Rxc1 43. Rxc1 Nf4+ 44. Kg3 Nxe6 45. Rc4 Kg8 46. Rh1 Kf7 47. Rhc1 Ra7 48. Rc8 Rd7 49. Rd1 Nf4 50. Ne3 Nbd3 51. Nf5 Kg6 52. b3 Nb4 53. Kg4 Nbd3 54. Rd2 Nb4 55. Rd1 Ne6 56. Rdc1 d3 57. Ne3 Nd4 58. Ra8 d2 59. Rcc8 Ndc6 60. Nd1 Kxh6 61. Kf5 Nd4+ 62. Kg4 Nbc6 63. Ra6 Rd6 64. Ne3 Kg6 65. b4 h5+ 66. Kh3 axb4 67. Kg2 b3 68. Ra1 Nc2 0-1

[Event "FRA-chT2 0304"]
[Site "France"]
[Date "2004.03.13"]
[Round "8"]
[White "Piroth, Attila"]
[Black "Delorme, Axel"]
[Result "1/2-1/2"]
[WhiteElo "2287"]
[BlackElo "2112"]
[PlyCount "51"]
[EventDate "2003.10.??"]
[EventType "team"]
[EventRounds "11"]
[EventCountry "FRA"]
[SourceTitle "EXT 2005"]
[Source "ChessBase"]
[SourceDate "2004.11.15"]
[SourceVersion "1"]
[SourceVersionDate "2004.11.15"]
[SourceQuality "1"]

1. e4 c5 2. Nc3 Nc6 3. f4 g6 4. Nf3 Bg7 5. d3 d6 6. g3 e5 7. Bg2 Nge7 8. 0-0 0-0 9. Be3 Nd4 10. Qd2 b6 11. Nd1 Bb7 12. fxe5 dxe5 13. Bh6 Nxf3+ 14. Bxf3 Qd4+ 15. Be3 Qd6 16. Nc3 Nc6 17. Bg2 Nd4 18. Rf2 Ne6 19. Raf1 Rad8 20. Nd5 Bxd5 21. exd5 Nc7 22. c4 f5 23. a3 Ne8 24. b4 Qc7 25. Qc2 Nd6 26. Qa4 1/2-1/2

[Event "FRA-chT Gp-A"]
[Site "France"]
[Date "2003.04.06"]
[Round "7.8"]
[White "Maze, Sebastien"]
[Black "Piroth, Attila"]
[Result "1-0"]
[WhiteElo "2407"]
[BlackElo "2324"]
[PlyCount "171"]
[EventDate "2003.01.31"]
[EventType "team"]
[EventRounds "7"]
[EventCountry "FRA"]
[SourceTitle "CBM 095"]
[Source "ChessBase"]
[SourceDate "2003.07.25"]
[SourceVersion "1"]
[SourceVersionDate "2003.07.25"]
[SourceQuality "1"]
[WhiteTeam "Paris NAO"]
[BlackTeam "Bordeaux"]
[WhiteTeamCountry "FRA"]
[BlackTeamCountry "FRA"]

1. e4 d6 2. d4 Nf6 3. Nc3 g6 4. Bg5 Bg7 5. f4 c6 6. Nf3 0-0 7. Qd2 b5 8. Bd3 Bg4 9. Qf2 h6 10. Bxf6 Bxf6 11. e5 Bg7 12. h3 Bxf3 13. Qxf3 b4 14. Ne2 e6 15. h4 dxe5 16. dxe5 Nd7 17. 0-0-0 Qa5 18. Kb1 Nxe5 19. fxe5 Qxe5 20. c3 Rab8 21. Bc2 bxc3 22. b3 a5 23. Rd4 Qc5 24. Rhd1 Rb4 25. Rxb4 axb4 26. Rd7 Qa5 27. a4 bxa3 28. Ka2 Qe5 29. h5 c5 30. g4 c4 31. b4 Qb5 32. Qb7 Qxb7 33. Rxb7 gxh5 34. gxh5 Rd8 35. Nc1 Bd4 36. Kb1 Rd5 37. Rc7 Rxh5 38. Rxc4 e5 39. Ka2 Rh1 40. Nd3 Rh2 41. Kb3 Kg7 42. Ka2 Kg8 43. Nc1 Rh1 44. Nd3 Rh2 45. Kb3 Kg7 46. b5 a2 47. Ra4 e4 48. Nf4 e3 49. Rxa2 e2 50. Ra1 Rf2 51. Nh5+ Kf8 52. Re1 Rh2 53. Nf4 Be3 54. Nxe2 Bd2 55. b6 Bxe1 56. b7 Rxe2 57. b8Q+ Re8 58. Qd6+ Kg7 59. Qd4+ Kg8 60. Qg4+ Kf8 61. Qd4 Bd2 62. Qf6 Re6 63. Qd8+ Kg7 64. Bf5 Re1 65. Qd4+ Kg8 66. Qf6 Re8 67. Bh7+ Kf8 68. Bg6 Rb8+ 69. Kc2 Rb2+ 70. Kd1 Rb7 71. Qh8+ Ke7 72. Qg7 Ke6 73. Bd3 Rc7 74. Kc2 Bg5 75. Qd4 Ke7 76. Qe5+ Kd8 77. Bf5 Rc6 78. Qd5+ Kc7 79. Qd7+ Kb6 80. Qd4+ Kc7 81. Qa7+ Kd6 82. Qd7+ Kc5 83. Be4 Rf6 84. Kxc3 Rf4 85. Qc7+ Kb5 86. Bd3+ 1-0

[Event "FRA-chT Gp-A"]
[Site "France"]
[Date "2003.02.01"]
[Round "2.7"]
[White "Piroth, Attila"]
[Black "Apicella, Manuel"]
[Result "0-1"]
[WhiteElo "2324"]
[BlackElo "2501"]
[PlyCount "74"]
[EventDate "2003.01.31"]
[EventType "team"]
[EventRounds "7"]
[EventCountry "FRA"]
[SourceTitle "CBM 094"]
[Source "ChessBase"]
[SourceDate "2003.05.26"]
[SourceVersion "1"]
[SourceVersionDate "2003.05.26"]
[SourceQuality "1"]
[WhiteTeam "Bordeaux"]
[BlackTeam "Clichy"]
[WhiteTeamCountry "FRA"]
[BlackTeamCountry "FRA"]

1. e4 e6 2. d4 d5 3. exd5 exd5 4. Bf4 Bd6 5. Bxd6 Qxd6 6. Nc3 Bf5 7. Bd3 Bxd3 8. Qxd3 Nd7 9. Nf3 0-0-0 10. 0-0-0 Ngf6 11. h3 Rhe8 12. Rde1 Ne4 13. Nxe4 dxe4 14. Rxe4 Nc5 15. dxc5 Qh6+ 16. Kb1 Rxd3 17. Rxe8+ Rd8 18. Rxd8+ Kxd8 19. Ne5 Qf4 20. Rd1+ Kc8 21. Nd3 Qh2 22. Ne1 Qg1 23. f3 Qxc5 24. a3 Qf2 25. b3 h5 26. a4 Qe2 27. Rc1 h4 28. Kb2 Qd2 29. Kb1 Kd7 30. Kb2 Ke7 31. Kb1 f5 32. Kb2 Kf6 33. Kb1 Kg5 34. Nd3 Qxg2 35. f4+ Kf6 36. Re1 Qxh3 37. Re8 Qg2 0-1

[Event "FRA-chT2"]
[Site "France"]
[Date "2001.12.??"]
[Round "4"]
[White "Lamoureux, Charles"]
[Black "Piroth, Attila"]
[Result "0-1"]
[WhiteElo "2373"]
[BlackElo "2329"]
[PlyCount "114"]
[EventDate "2002.??.??"]
[EventType "team"]
[EventRounds "11"]
[EventCountry "FRA"]
[SourceTitle "EXT 2003"]
[Source "ChessBase"]
[SourceDate "2002.11.25"]
[SourceVersion "1"]
[SourceVersionDate "2002.11.25"]
[SourceQuality "1"]

1. Nf3 g6 2. d4 Bg7 3. e4 d6 4. Be2 Nf6 5. Nc3 0-0 6. 0-0 c6 7. a4 a5 8. Re1 Qc7 9. Bf4 Nh5 10. Be3 e5 11. Qd2 Na6 12. h3 Nb4 13. Bf1 Re8 14. Rad1 b6 15. Qc1 Ba6 16. Bxa6 Nxa6 17. d5 c5 18. g4 Nf6 19. Nd2 Qe7 20. Nc4 Rab8 21. Bg5 Nc7 22. f4 Qd7 23. fxe5 dxe5 24. Rf1 Nxg4 25. d6 Ne6 26. hxg4 Nf4 27. Bxf4 Qxg4+ 28. Kh1 exf4 29. Qxf4 Qh3+ 30. Qh2 Qe6 31. d7 Red8 32. Ne3 Be5 33. Qh4 Rxd7 34. Rxd7 Qxd7 35. Ncd5 h5 36. b3 Qe6 37. Kg2 Bd4 38. Qe7 Kg7 39. Qc7 Bxe3 40. Nxe3 Qxe4+ 41. Rf3 Rb7 42. Qd6 Kh7 43. Kg3 Kg7 44. Kf2 Qh4+ 45. Rg3 Qe4 46. Qd5 Qf4+ 47. Kg2 Rc7 48. c3 Qf6 49. Qe4 Rd7 50. Nd5 Qd6 51. c4 f5 52. Qf4 Qxf4 53. Nxf4 Rd2+ 54. Kf3 Rb2 55. Rxg6+ Kf7 56. Rxb6 h4 57. Nd3 Rd2 0-1

[Event "HUN-chT2 Maroczy 0001"]
[Site "Hungary"]
[Date "2001.01.14"]
[Round "4"]
[White "Piroth, Attila"]
[Black "Kubacsny, Laszlo"]
[Result "1/2-1/2"]
[WhiteElo "2336"]
[BlackElo "2355"]
[PlyCount "25"]
[EventDate "2000.11.26"]
[EventType "team"]
[EventRounds "11"]
[EventCountry "HUN"]
[SourceTitle "EXT 2007"]
[Source "ChessBase"]
[SourceDate "2006.11.23"]
[SourceVersion "1"]
[SourceVersionDate "2006.11.23"]
[SourceQuality "1"]
[WhiteTeam "Budapest Matador"]
[BlackTeam "Godollo"]
[WhiteTeamCountry "HUN"]
[BlackTeamCountry "HUN"]

1. e4 c5 2. Nc3 a6 3. g3 b5 4. Bg2 Bb7 5. d3 e6 6. Nf3 d6 7. 0-0 Nf6 8. a4 b4 9. Ne2 Be7 10. h3 c4 11. dxc4 Bxe4 12. c3 a5 13. cxb4 1/2-1/2

[Event "HUN-chT2 Maroczy 0001"]
[Site "Hungary"]
[Date "2000.12.03"]
[Round "2"]
[White "Piroth, Attila"]
[Black "Blasko, Istvan"]
[Result "1/2-1/2"]
[WhiteElo "2336"]
[BlackElo "2383"]
[PlyCount "62"]
[EventDate "2000.11.26"]
[EventType "team"]
[EventRounds "11"]
[EventCountry "HUN"]
[SourceTitle "EXT 2007"]
[Source "ChessBase"]
[SourceDate "2006.11.23"]
[SourceVersion "1"]
[SourceVersionDate "2006.11.23"]
[SourceQuality "1"]
[WhiteTeam "Budapest Matador"]
[BlackTeam "Matra"]
[WhiteTeamCountry "HUN"]
[BlackTeamCountry "HUN"]

1. e4 c5 2. Nc3 Nc6 3. f4 g6 4. Nf3 Bg7 5. d3 d6 6. g3 e6 7. Bg2 Nge7 8. 0-0 0-0 9. Be3 Nd4 10. Bf2 Rb8 11. Nxd4 cxd4 12. Ne2 Nc6 13. Qd2 Bd7 14. c3 dxc3 15. bxc3 Qa5 16. d4 d5 17. Nc1 dxe4 18. Bxe4 Ne7 19. Nd3 Bc6 20. Bxc6 Nxc6 21. Ne5 Rbc8 22. Rab1 b6 23. Rb3 Qd5 24. c4 Qd6 25. Nxc6 Rxc6 26. Rc1 Rfc8 27. Rbc3 h5 28. R3c2 Bf8 29. Qe2 Qa3 30. Kg2 Qa4 31. c5 R6c7 1/2-1/2

[Event "HUN-chT 9900"]
[Site "Hungary"]
[Date "2000.02.13"]
[Round "7"]
[White "Piroth, Attila"]
[Black "Kiss, Attila"]
[Result "1/2-1/2"]
[WhiteElo "2306"]
[BlackElo "2314"]
[PlyCount "64"]
[EventDate "1999.09.26"]
[EventType "team"]
[EventRounds "11"]
[EventCountry "HUN"]
[SourceTitle "EXT 2009"]
[Source "ChessBase"]
[SourceDate "2008.11.26"]
[SourceVersion "1"]
[SourceVersionDate "2008.11.26"]
[SourceQuality "1"]
[WhiteTeam "Matador"]
[BlackTeam "Haladas"]
[WhiteTeamCountry "HUN"]
[BlackTeamCountry "HUN"]

1. e4 c5 2. Nc3 Nc6 3. g3 g6 4. Bg2 Bg7 5. d3 d6 6. f4 e6 7. Nf3 Nge7 8. 0-0 0-0 9. Be3 Nd4 10. Bf2 Rb8 11. Nxd4 cxd4 12. Ne2 e5 13. c3 dxc3 14. bxc3 b6 15. Qd2 Be6 16. Rad1 Qc7 17. h3 Rbd8 18. d4 Bc4 19. Rfe1 f5 20. d5 Bxe2 21. Rxe2 fxe4 22. fxe5 Bxe5 23. Rxe4 Nf5 24. g4 Ng7 25. Bd4 Bxd4+ 26. Qxd4 Rde8 27. Rde1 Rxe4 28. Rxe4 Qf7 29. a4 Re8 30. Rf4 Qe7 31. Re4 Qf7 32. Rf4 Qe7 1/2-1/2

[Event "HUN-chT 9900"]
[Site "Hungary"]
[Date "1999.11.14"]
[Round "4"]
[White "Horvath, Jozsef"]
[Black "Piroth, Attila"]
[Result "1/2-1/2"]
[WhiteElo "2526"]
[BlackElo "2306"]
[PlyCount "144"]
[EventDate "1999.09.26"]
[EventType "team"]
[EventRounds "11"]
[EventCountry "HUN"]
[SourceTitle "EXT 2009"]
[Source "ChessBase"]
[SourceDate "2008.11.26"]
[SourceVersion "1"]
[SourceVersionDate "2008.11.26"]
[SourceQuality "1"]
[WhiteTeam "Csuti"]
[BlackTeam "Matador"]
[WhiteTeamCountry "HUN"]
[BlackTeamCountry "HUN"]

1. d4 d6 2. Nf3 g6 3. c4 Bg7 4. Nc3 Nf6 5. e4 0-0 6. Be2 e5 7. Be3 Ng4 8. Bg5 f6 9. Bh4 Nc6 10. 0-0 g5 11. Bg3 Nh6 12. dxe5 fxe5 13. c5 g4 14. Nd2 Be6 15. Nb3 a6 16. Nd5 Nd4 17. Bc4 Nf7 18. Rc1 h5 19. Nxd4 exd4 20. cxd6 Nxd6 21. Bb3 Bxd5 22. Bxd5+ Kh8 23. Rc5 b6 24. Rc6 Ra7 25. h3 Qd7 26. hxg4 hxg4 27. Qb3 Nf7 28. Rg6 Ne5 29. Rg5 Qe8 30. Rc1 c5 31. Qxb6 Re7 32. Qxa6 Rf6 33. Qa8 Nd3 34. Rh5+ Rh6 35. Rxh6+ Bxh6 36. Qxe8+ Rxe8 37. Rc2 Bf4 38. Bc4 Nb4 39. Bb5 Rxe4 40. Rxc5 Bxg3 41. fxg3 Nxa2 42. Kf2 Nb4 43. Be2 d3 44. Bd1 Kh7 45. Rf5 Nc2 46. Bxc2 Re2+ 47. Kf1 dxc2 48. Kxe2 c1Q 49. Rf4 Qxb2+ 50. Kf1 Qc1+ 51. Kf2 Qd1 52. Rf7+ Kg6 53. Rf4 Kg5 54. Re4 Qd3 55. Re5+ Kf6 56. Re3 Qd4 57. Ke2 Kg5 58. Kf2 Kf5 59. Ke2 Qb2+ 60. Kf1 Qd2 61. Re2 Qd1+ 62. Kf2 Qd4+ 63. Re3 Kg5 64. Ke2 Qf6 65. Ke1 Qb6 66. Kf2 Qc6 67. Re5+ Kg6 68. Re3 Qd5 69. Kf1 Qd1+ 70. Kf2 Kf5 71. Re1 Qd2+ 72. Re2 Qd4+ 1/2-1/2

[Event "HUN-chT 9899"]
[Site "Hungary"]
[Date "1999.??.??"]
[Round "?"]
[White "Piroth, Attila"]
[Black "Sax, Gyula"]
[Result "0-1"]
[WhiteElo "2305"]
[BlackElo "2525"]
[PlyCount "92"]
[EventDate "1998.??.??"]
[EventType "team"]
[EventRounds "12"]
[EventCountry "HUN"]
[SourceTitle "EXT 2000"]
[Source "ChessBase"]
[SourceDate "1999.11.16"]
[SourceVersion "1"]
[SourceVersionDate "1999.11.16"]
[SourceQuality "1"]

1. e4 c5 2. Nc3 e6 3. g3 Nc6 4. Bg2 Nf6 5. Nge2 d6 6. 0-0 Be7 7. d3 0-0 8. Be3 Rb8 9. h3 b5 10. Qd2 b4 11. Nd1 d5 12. f4 dxe4 13. dxe4 Qxd2 14. Bxd2 Ba6 15. e5 Nh5 16. Bxc6 Bxe2 17. g4 Bxf1 18. Kxf1 Ng3+ 19. Kf2 Bh4 20. Kf3 Nf1 21. Bc1 Rfd8 22. Ne3 Nxe3 23. Bxe3 f6 24. Bxc5 fxe5 25. Bxa7 Rbc8 26. Be4 Rf8 27. f5 g6 28. Be3 gxf5 29. gxf5 exf5 30. Bd5+ Kh8 31. Rg1 f4 32. Bd2 Rfd8 33. Be6 Rxc2 34. Bxb4 Bf6 35. Bc3 Re8 36. Bf5 Rh2 37. Re1 Kg7 38. Re4 Rh1 39. Rc4 Re7 40. a4 Rf1+ 41. Ke2 Rg1 42. a5 Rg3 43. Bb4 Ra7 44. Rc8 Kh6 45. Rc6 Kg5 46. Be4 Re3+ 0-1

[Event "HUN-chT 9899"]
[Site "Hungary"]
[Date "1998.??.??"]
[Round "?"]
[White "Cao, Sang"]
[Black "Piroth, Attila"]
[Result "1/2-1/2"]
[WhiteElo "2495"]
[BlackElo "2305"]
[PlyCount "120"]
[EventDate "1998.??.??"]
[EventType "team"]
[EventRounds "12"]
[EventCountry "HUN"]
[SourceTitle "EXT 2000"]
[Source "ChessBase"]
[SourceDate "1999.11.16"]
[SourceVersion "1"]
[SourceVersionDate "1999.11.16"]
[SourceQuality "1"]

1. e4 d6 2. d4 Nf6 3. Nc3 g6 4. Bg5 Bg7 5. Qd2 h6 6. Bh4 c6 7. f3 Nbd7 8. Nge2 Qc7 9. Bf2 e5 10. 0-0-0 Nb6 11. b3 Be6 12. Kb1 0-0-0 13. d5 Bd7 14. a4 Kb8 15. a5 Nc8 16. dxc6 Bxc6 17. Nd5 Nxd5 18. exd5 Bd7 19. Nc1 Rde8 20. Bc4 Bf6 21. Na2 Bd8 22. a6 b5 23. Bd3 f5 24. Rhe1 Ka8 25. h4 Qa5 26. Qxa5 Bxa5 27. b4 Bb6 28. Bxb6 Nxb6 29. Nc3 Nc4 30. Bxc4 bxc4 31. Ka2 Rb8 32. Rb1 Bb5 33. f4 e4 34. Re3 h5 35. Rg3 Rhg8 36. Kb2 Bxa6 37. Kc1 Bb5 38. Kd2 Be8 39. Ke3 Rg7 40. Kd4 Rc7 41. b5 Rc5 42. Rb4 Kb7 43. Ra4 Rd8 44. Ra2 Bf7 45. Ra1 Rd7 46. Ra4 Rd8 47. Ra2 Rd7 48. Ra6 Rxb5 49. Rxa7+ Kxa7 50. Nxb5+ Kb6 51. Na3 Ra7 52. Nxc4+ Kc7 53. Ra3 Rxa3 54. Nxa3 Be8 55. Kc4 Ba4 56. Kb4 e3 57. Kc3 e2 58. Kd2 Kb6 59. Kxe2 Kc5 60. Kd3 Kxd5 1/2-1/2

[Event "HUN-chT 9899"]
[Site "Hungary"]
[Date "1998.??.??"]
[Round "?"]
[White "Kubacsny, Laszlo"]
[Black "Piroth, Attila"]
[Result "1/2-1/2"]
[WhiteElo "2335"]
[BlackElo "2305"]
[PlyCount "125"]
[EventDate "1998.??.??"]
[EventType "team"]
[EventRounds "12"]
[EventCountry "HUN"]
[SourceTitle "EXT 2000"]
[Source "ChessBase"]
[SourceDate "1999.11.16"]
[SourceVersion "1"]
[SourceVersionDate "1999.11.16"]
[SourceQuality "1"]

1. e4 d6 2. d4 Nf6 3. Nc3 g6 4. Nf3 Bg7 5. Bf4 0-0 6. Qd2 c6 7. Bh6 b5 8. Bxg7 Kxg7 9. Bd3 b4 10. Ne2 Na6 11. e5 dxe5 12. dxe5 Ng8 13. h4 Nc5 14. h5 Nxd3+ 15. cxd3 Bg4 16. hxg6 fxg6 17. Qe3 Bxf3 18. gxf3 Qd7 19. Rh4 Rad8 20. 0-0-0 Qd5 21. Rdh1 Rxf3 22. Nf4 Rxe3 23. Nxd5 Rxe5 24. Rxh7+ Kf8 25. Nxb4 a5 26. Nc2 Rxd3 27. Ne3 Rc5+ 28. Kb1 Rd2 29. Rh8 Rg5 30. f3 Rb5 31. b3 a4 32. Ng4 axb3 33. a4 Rh5 34. R1xh5 gxh5 35. Rxh5 Ra2 36. a5 Nf6 37. Nxf6 exf6 38. Rc5 Ke7 39. Rxc6 Rxa5 40. Kb2 Rb5 41. Rc4 Ke6 42. Rh4 Ke5 43. Re4+ Kd5 44. Rf4 Rb6 45. Ra4 f5 46. Rf4 Ke5 47. Rc4 Rb5 48. Rh4 Kf6 49. Rc4 Kg5 50. Rd4 f4 51. Rc4 Rb6 52. Rc8 Rb4 53. Rg8+ Kh4 54. Rg7 Kh3 55. Rg4 Kh2 56. Rg5 Rd4 57. Rg4 Rd2+ 58. Ka3 Rd4 59. Kb2 Rb4 60. Rg5 Kh3 61. Rg4 Rd4 62. Ka3 Kh2 63. Kb2 1/2-1/2

[Event "HUN-chT 9798"]
[Site "Hungary"]
[Date "1998.??.??"]
[Round "?"]
[White "Piroth, Attila"]
[Black "Halasz, Tamas"]
[Result "1/2-1/2"]
[WhiteElo "2265"]
[BlackElo "2365"]
[PlyCount "39"]
[EventDate "1997.??.??"]
[EventType "team"]
[EventRounds "12"]
[EventCountry "HUN"]
[SourceTitle "EXT 2000"]
[Source "ChessBase"]
[SourceDate "1999.11.16"]
[SourceVersion "1"]
[SourceVersionDate "1999.11.16"]
[SourceQuality "1"]

1. Nf3 Nf6 2. g3 g6 3. Bg2 Bg7 4. 0-0 0-0 5. d3 d5 6. Nbd2 c5 7. e4 Nc6 8. Re1 dxe4 9. Nxe4 Nxe4 10. dxe4 Qxd1 11. Rxd1 Bg4 12. Rd5 b6 13. c3 Be6 14. Rd1 Rad8 15. Rxd8 Rxd8 16. Be3 Na5 17. Nd2 Kf8 18. f4 Nc4 19. Nxc4 Bxc4 20. Bf1 1/2-1/2

[Event "HUN-chT 9798"]
[Site "Hungary"]
[Date "1998.??.??"]
[Round "?"]
[White "Vadasz, Laszlo"]
[Black "Piroth, Attila"]
[Result "1-0"]
[WhiteElo "2365"]
[BlackElo "2265"]
[PlyCount "97"]
[EventDate "1997.??.??"]
[EventType "team"]
[EventRounds "12"]
[EventCountry "HUN"]
[SourceTitle "EXT 2000"]
[Source "ChessBase"]
[SourceDate "1999.11.16"]
[SourceVersion "1"]
[SourceVersionDate "1999.11.16"]
[SourceQuality "1"]

1. Nf3 g6 2. e4 d6 3. d4 Nf6 4. Nc3 Bg7 5. h3 0-0 6. Be3 c6 7. a4 a5 8. Be2 Qc7 9. 0-0 Na6 10. Nd2 Nb4 11. Ncb1 b6 12. c3 Na6 13. Na3 Bb7 14. Qc2 Rad8 15. f4 Nd7 16. Ndc4 Nf6 17. Nd2 Nd7 18. Kh1 f5 19. e5 c5 20. Nb5 Qb8 21. Bf3 Bxf3 22. Nxf3 Bh6 23. Rad1 Rfe8 24. Rd2 Nc7 25. Qb3+ Kf8 26. Rfd1 Nxb5 27. Qxb5 Qc7 28. h4 Kg8 29. Kg1 Nf8 30. g3 Ne6 31. dxc5 dxc5 32. Qc4 Kf7 33. Kf2 Rxd2+ 34. Rxd2 Rd8 35. Rxd8 Qxd8 36. b4 Qc7 37. bxa5 bxa5 38. Nd2 Qb6 39. Nb3 Kf8 40. Qb5 Qd8 41. Nxa5 Qd1 42. Qb3 Qd7 43. Nc4 Qd3 44. Nd2 Ng7 45. a5 Nh5 46. Qc4 Qd8 47. a6 Qa8 48. Qb5 Qh1 49. Qb7 1-0

[Event "HUN-chT 9697"]
[Site "Hungary"]
[Date "1997.??.??"]
[Round "15"]
[White "Hera, Imre Jr"]
[Black "Piroth, Attila"]
[Result "1/2-1/2"]
[WhiteElo "2020"]
[BlackElo "2245"]
[PlyCount "88"]
[EventDate "1996.??.??"]
[EventType "team"]
[EventRounds "12"]
[EventCountry "HUN"]
[SourceTitle "EXT 2006"]
[Source "ChessBase"]
[SourceDate "2005.11.24"]
[SourceVersion "1"]
[SourceVersionDate "2005.11.24"]
[SourceQuality "1"]
[WhiteTeam "Hajduszoboszlo"]
[BlackTeam "Matador"]
[WhiteTeamCountry "HUN"]
[BlackTeamCountry "HUN"]

1. d4 g6 2. c4 Nf6 3. Nc3 Bg7 4. e4 d6 5. f3 0-0 6. Bg5 Nc6 7. Nge2 a6 8. Qd2 Rb8 9. d5 Na5 10. Ng3 c5 11. Be2 Bd7 12. Nf1 b5 13. Ne3 Qb6 14. Rb1 bxc4 15. 0-0 Rfe8 16. f4 h6 17. Bh4 Nh7 18. Bg3 Qc7 19. Nxc4 Nxc4 20. Bxc4 Bb5 21. Nxb5 axb5 22. Bd3 c4 23. Be2 Qa7+ 24. Kh1 Qxa2 25. e5 c3 26. Qd3 cxb2 27. f5 dxe5 28. fxg6 fxg6 29. Qxg6 Qxd5 30. Rbd1 b1Q 31. Qxb1 Qe6 32. Bxb5 Rf8 33. Qd3 Qg4 34. Qd5+ e6 35. Qc4 Qxc4 36. Bxc4 Rxf1+ 37. Rxf1 Nf8 38. Re1 Kf7 39. Kg1 Nd7 40. Kf2 Rb4 41. Rc1 Nf6 42. Be2 Nd5 43. Rc4 Rb2 44. Kf3 Bf6 1/2-1/2

[Event "HUN-chT 9697"]
[Site "Hungary"]
[Date "1997.??.??"]
[Round "14"]
[White "Turzo, Attila"]
[Black "Piroth, Attila"]
[Result "0-1"]
[WhiteElo "2360"]
[BlackElo "2245"]
[PlyCount "120"]
[EventDate "1996.??.??"]
[EventType "team"]
[EventRounds "12"]
[EventCountry "HUN"]
[SourceTitle "EXT 2006"]
[Source "ChessBase"]
[SourceDate "2005.11.24"]
[SourceVersion "1"]
[SourceVersionDate "2005.11.24"]
[SourceQuality "1"]
[WhiteTeam "Miskolc"]
[BlackTeam "Matador"]
[WhiteTeamCountry "HUN"]
[BlackTeamCountry "HUN"]

1. e4 d6 2. d4 Nf6 3. Nc3 g6 4. f3 c6 5. Be3 Nbd7 6. g4 e5 7. Nge2 b5 8. Qd2 Nb6 9. b3 Qc7 10. Bg2 Bg7 11. 0-0 0-0 12. Rae1 Be6 13. h3 b4 14. Nd1 c5 15. c3 bxc3 16. Qxc3 Rac8 17. dxe5 dxe5 18. Nb2 c4 19. Rc1 Qb8 20. b4 Rfd8 21. Rfd1 Rxd1+ 22. Rxd1 Rd8 23. Rxd8+ Qxd8 24. Bf1 Ne8 25. a4 Nd6 26. Qd2 Qc7 27. Nc3 f5 28. a5 Nbc8 29. Nba4 fxe4 30. Nc5 Bf7 31. fxe4 Ne7 32. Bg5 Nc6 33. Nd5 Qb8 34. Nd7 Nxe4 35. Qc2 Qd6 36. Qxe4 Qxd5 37. Qxd5 Bxd5 38. Be3 Nxb4 39. Bxa7 e4 40. Be3 Nc2 41. Nb6 Nxe3 42. Nxd5 Bd4 43. Nxe3 Bxe3+ 44. Kg2 c3 45. Bc4+ Kg7 46. Bb3 Kf6 47. a6 Ke5 48. Kg3 g5 49. Bc2 Ba7 50. Bb1 Kd4 51. Bc2 Ke3 52. Bb1 h6 53. h4 Kd2 54. Bxe4 c2 55. Bxc2 Kxc2 56. hxg5 hxg5 57. Kf3 Kd3 58. Kg2 Ke4 59. Kh3 Kf3 60. Kh2 Kxg4 0-1

[Event "HUN-chT 9596"]
[Site "Hungary"]
[Date "1996.??.??"]
[Round "9"]
[White "Piroth, Attila"]
[Black "Halasz, Tamas"]
[Result "1/2-1/2"]
[WhiteElo "2235"]
[BlackElo "2365"]
[PlyCount "83"]
[EventDate "1995.??.??"]
[EventType "team"]
[EventRounds "13"]
[EventCountry "HUN"]
[SourceTitle "EXT 2000"]
[Source "ChessBase"]
[SourceDate "1999.11.16"]
[SourceVersion "1"]
[SourceVersionDate "1999.11.16"]
[SourceQuality "1"]

1. e4 e5 2. Nf3 Nc6 3. c3 Nf6 4. d4 Nxe4 5. d5 Nb8 6. Nxe5 Qe7 7. Qd4 Nd6 8. Qe3 Nf5 9. Qe2 b6 10. Nf3 Ba6 11. c4 g6 12. Bd2 Bg7 13. Bc3 0-0 14. Qxe7 Nxe7 15. Bxg7 Kxg7 16. Nc3 d6 17. Kd2 c6 18. Re1 Ng8 19. Nd4 Bb7 20. Be2 cxd5 21. Bf3 Nd7 22. Bxd5 Bxd5 23. Nxd5 Ndf6 24. Nxf6 Kxf6 25. Re3 d5 26. Rc1 dxc4 27. Rxc4 Rac8 28. Nc6 Rc7 29. b4 Rfc8 30. b5 a6 31. bxa6 Rxc6 32. Rxc6+ Rxc6 33. Re8 Rc7 34. Rxg8 Ra7 35. Kc3 Rxa6 36. Kb3 Ra5 37. Rb8 Rb5+ 38. Kc3 Rb1 39. a4 Rc1+ 40. Kb4 Rb1+ 41. Kc4 h5 42. Kc3 1/2-1/2

[Event "HUN-chT"]
[Site "Hungary"]
[Date "1995.??.??"]
[Round "?"]
[White "Blasovszky, Istvan"]
[Black "Piroth, Attila"]
[Result "1/2-1/2"]
[WhiteElo "2220"]
[BlackElo "2235"]
[PlyCount "28"]
[EventDate "1995.??.??"]
[EventType "team"]
[EventRounds "13"]
[EventCountry "HUN"]
[SourceTitle "EXT 1997"]
[Source "ChessBase"]
[SourceDate "1996.11.15"]
[SourceVersion "1"]
[SourceVersionDate "1996.11.15"]
[SourceQuality "1"]

1. d4 g6 2. e4 d6 3. c3 Nf6 4. Bd3 Bg7 5. h3 0-0 6. Nf3 b6 7. 0-0 Bb7 8. Qe2 Nbd7 9. Bg5 h6 10. Bf4 Nh5 11. Bh2 e5 12. Nbd2 Nf4 13. Bxf4 exf4 14. Rfe1 Qe7 1/2-1/2

[Event "HUN-chT 9596"]
[Site "Hungary"]
[Date "1995.??.??"]
[Round "1"]
[White "Medvegy, Zoltan"]
[Black "Piroth, Attila"]
[Result "1/2-1/2"]
[WhiteElo "2200"]
[BlackElo "2245"]
[PlyCount "44"]
[EventDate "1995.??.??"]
[EventType "team"]
[EventRounds "13"]
[EventCountry "HUN"]
[SourceTitle "EXT 2000"]
[Source "ChessBase"]
[SourceDate "1999.11.16"]
[SourceVersion "1"]
[SourceVersionDate "1999.11.16"]
[SourceQuality "1"]

1. e4 d6 2. d4 Nf6 3. Nc3 g6 4. Nf3 Bg7 5. Be2 0-0 6. 0-0 Bg4 7. Be3 Nc6 8. d5 Nb8 9. Qd2 c6 10. dxc6 bxc6 11. Rfd1 Qc7 12. h3 Bxf3 13. Bxf3 Nbd7 14. Rab1 Rab8 15. Bh6 Nb6 16. Bxg7 Kxg7 17. Qd4 Rfd8 18. Qd3 e5 19. Qa6 Qb7 20. Qxb7 Rxb7 21. a4 Rbd7 22. a5 Nc4 1/2-1/2